[Event "GER-chT U12"]
[Site "Schney"]
[Date "2013.12.27"]
[Round "2.3"]
[White "De Rentiis, Davide Luca"]
[Black "Schraegle, Thorsten"]
[Result "0-1"]
[WhiteElo "1073"]
[BlackElo "1271"]
[PlyCount "69"]
[EventDate "2013.12.27"]
[EventType "team-swiss"]
[EventRounds "7"]
[EventCountry "GER"]
[SourceTitle "EXT 2015"]
[Source "ChessBase"]
[SourceDate "2014.11.20"]
[SourceVersion "1"]
[SourceVersionDate "2014.11.20"]
[SourceQuality "1"]
[WhiteTeam "Bebenhausen"]
[BlackTeam "Spaichingen"]
[WhiteTeamCountry "GER"]
[BlackTeamCountry "GER"]

1. e4 e5 2. Nf3 Nc6 3. Bc4 Nf6 4. d4 exd4 5. 0-0 Bc5 6. e5 Ng4 7. Ng5 Ngxe5 8. Re1 d5 9. Bb5 f6 10. Nf3 Bg4 11. h3 Bxf3 12. Qxf3 Qd7 13. Bf4 Qe6 14. Bxc6+ bxc6 15. Qg3 Nf3+ 16. Qxf3 Qxe1+ 17. Kh2 0-0 18. Qg4 Qxf2 19. Bh6 Rf7 20. Nd2 g5 21. Nb3 Qxc2 22. Rc1 Qg6 23. Nxc5 Qxh6 24. Qxd4 Rd8 25. Ne6 Rd6 26. Rxc6 Rxc6 27. Nd8 Rc2 28. Kg3 Rd7 29. Qa4 Rxd8 30. Qxc2 Qg7 31. Qa4 c5 32. Qa5 Rc8 33. Qa6 Qd7 34. Qxf6 Qg7 35. Qe6+ 0-1